[Event "Chicago op 31st"]
[Site "Chicago"]
[Date "2022.05.28"]
[Round "5"]
[White "Mikaelyan, Arman"]
[Black "Sorokin, Aleksey"]
[Result "1/2-1/2"]
[WhiteElo "2502"]
[BlackElo "2535"]
[PlyCount "59"]
[EventDate "2022.05.26"]
[EventType "swiss"]
[EventRounds "9"]
[EventCountry "USA"]
[SourceTitle "CBM 208 Extra"]
[Source "ChessBase"]
[SourceDate "2022.07.31"]
[SourceVersion "1"]
[SourceVersionDate "2022.07.31"]
[SourceQuality "1"]

1. d4 Nf6 2. c4 e6 3. Nf3 d5 4. Nc3 Bb4 5. e3 0-0 6. Bd2 b6 7. cxd5 exd5 8. Bd3 Bd6 9. Rc1 c5 10. dxc5 bxc5 11. 0-0 Nc6 12. e4 d4 13. Nb5 Be7 14. Bg5 Nd7 15. Bf4 Nb6 16. Nc7 Rb8 17. Na6 Bxa6 18. Bxa6 Bd6 19. e5 Nd5 20. Bg5 Be7 21. Rxc5 Ndb4 22. Bxe7 Qxe7 23. Qc1 Nxa2 24. Qc4 Rb4 25. Qc2 Rb6 26. Bb5 d3 27. Bxd3 Nab4 28. Qc3 Nxd3 29. Rxc6 Rxc6 30. Qxc6 1/2-1/2